000 00681nam a2200253Ia 4500
003 OSt
005 20221007104628.0
006 a|||||r|||| 00| 0
007 ta
008 221006b |||||||| |||| 00| 0 eng d
024 _a16,406
037 _cTextual
040 _aLCO
_cLCO
_beng
041 _2eng
_aeng
082 _aZ73v,55,6, K8
100 _aHuebner Rudolf
_9695294
245 0 _aHistory of Germanic Private Law
260 _aNew
_bYork Augustus M. Kelley U.S.A.
_c1968
300 _a785
490 _vVol-44
650 _aGERMANIC PRIVATE LAW
_9706157
942 _hZ73v,55,6, K8
_cTEXL
999 _c1185969
_d1185969